Loading...
| History - Other | 0 | 3 | 0 | 0 | 30 | 60 | 78.33 | 1 | 1 | 0.00 | 0.00 |
| Literature - British | 0 | 3 | 0 | 1 | 30 | 117 | 131.00 | 0 | 0 | 0.00 | 0.00 |
| Science - Physics | 0 | 2 | 0 | 1 | 20 | 123 | 124.00 | 0 | 0 | 0.00 | 0.00 |
| Science - Chemistry | 0 | 2 | 0 | 0 | 20 | 95 | 99.50 | 0 | 1 | 0.00 | 0.00 |
| Literature - American | 0 | 2 | 0 | 1 | 20 | 86 | 109.50 | 1 | 1 | 0.00 | 0.00 |
| Religion | 0 | 2 | 1 | 1 | 15 | 86 | 107.50 | 0 | 0 | 0.00 | 0.00 |
| Current Events | 0 | 1 | 0 | 0 | 10 | 97 | 97.00 | 0 | 0 | 0.00 | 0.00 |
| History - European | 0 | 1 | 0 | 0 | 10 | 104 | 104.00 | 0 | 0 | 0.00 | 0.00 |
| Other Academic | 0 | 1 | 0 | 0 | 10 | 129 | 129.00 | 0 | 0 | 0.00 | 0.00 |
| Philosophy | 0 | 2 | 2 | 0 | 10 | 92 | 100.50 | 0 | 0 | 0.00 | 0.00 |
| Pop Culture | 0 | 1 | 0 | 1 | 10 | 137 | 137.00 | 0 | 1 | 0.00 | 0.00 |
| Social Science | 0 | 2 | 2 | 0 | 10 | 81 | 83.00 | 1 | 2 | 0.00 | 0.00 |
| Literature - World | 0 | 1 | 1 | 0 | 5 | 130 | 130.00 | 0 | 0 | 0.00 | 0.00 |
| History - World | 0 | 1 | 2 | 0 | 0 | 25 | 25.00 | 1 | 1 | 0.00 | 0.00 |
| Science - Other | 0 | 1 | 3 | 0 | -5 | 109 | 109.00 | 0 | 1 | 0.00 | 0.00 |
| Fine Arts - Classical Music | 0 | 0 | 1 | 0 | -5 | 0.00 | 0 | 0 | 0.00 | 0.00 | |
| Fine Arts - Painting and Sculpture | 0 | 0 | 1 | 0 | -5 | 0.00 | 0 | 0 | 0.00 | 0.00 | |
| Science - Biology | 0 | 0 | 1 | 0 | -5 | 0.00 | 0 | 0 | 0.00 | 0.00 | |
| Geography | 0 | 0 | 1 | 0 | -5 | 0.00 | 0 | 0 | 0.00 | 0.00 | |
| Literature - European | 0 | 0 | 1 | 0 | -5 | 0.00 | 0 | 0 | 0.00 | 0.00 | |
| Fine Arts - Other | 0 | 0 | 1 | 0 | -5 | 0.00 | 0 | 0 | 0.00 | 0.00 | |
| History - American | 0 | 0 | 2 | 0 | -10 | 0.00 | 0 | 0 | 0.00 | 0.00 |